Organizimi i Objektit "Depo per Materiale Elektrike" (Record no. 54820)
[ view plain ]
| 000 -LEADER | |
|---|---|
| fixed length control field | 00294nam a22001217a 4500 |
| 008 - FIXED-LENGTH DATA ELEMENTS--GENERAL INFORMATION | |
| fixed length control field | 190315b xxu||||| |||| 00| 0 eng d |
| 041 ## - LANGUAGE CODE | |
| Language code of text/sound track or separate title | eng |
| 080 ## - UNIVERSAL DECIMAL CLASSIFICATION NUMBER | |
| Universal Decimal Classification number | 043.3 |
| 100 ## - Rafti | |
| Rafti | 0 |
| 101 ## - Shkurtesa | |
| Shkurtesa | INI-BA |
| 245 ## - TITLE STATEMENT | |
| Title | Organizimi i Objektit "Depo per Materiale Elektrike" |
| Statement of responsibility, etc | Elezi, K |
| 942 ## - ADDED ENTRY ELEMENTS (KOHA) | |
| Source of classification or shelving scheme | |
| Item type | Books |
| Withdrawn status | Lost status | Source of classification or shelving scheme | Damaged status | Not for loan | Collection code | Permanent location | Current location | Shelving location | Date acquired | Total Checkouts | Full call number | Barcode | Date last seen | Price effective from | Koha item type |
|---|---|---|---|---|---|---|---|---|---|---|---|---|---|---|---|
| Koleksioni i përgjithshem | UBT - Lipjan | UBT - Lipjan | Disertacionet | 03/15/2019 | 043.3 Elezi, K 2018 INI | 002-3023215 | 03/15/2019 | 03/15/2019 | Dissertation | ||||||
| Koleksioni i përgjithshem | UBT - Lipjan | UBT - Lipjan | Disertacionet | 03/15/2019 | 043.3 Elezi, K 2018 INI | 002-3023226 | 03/15/2019 | 03/15/2019 | Dissertation | ||||||
| Koleksioni i përgjithshem | UBT - Lipjan | UBT - Lipjan | Disertacionet | 03/15/2019 | 043.3 Elezi, K 2018 INI | 002-3023224 | 03/15/2019 | 03/15/2019 | Dissertation |